Introductory Nuclear physics (Record no. 4192)

MARC details
000 -LEADER
fixed length control field 00385nam a22001577a 4500
008 - FIXED-LENGTH DATA ELEMENTS--GENERAL INFORMATION
fixed length control field 250709b |||||||| |||| 00| 0 eng d
020 ## - INTERNATIONAL STANDARD BOOK NUMBER
ISBN 9789354640834
100 ## - MAIN ENTRY--AUTHOR
Author Kreme Kenneth S
245 ## - TITLE STATEMENT
Title Introductory Nuclear physics
250 ## - EDITION STATEMENT
Edition statement 3rd
260 ## - PUBLICATION, DISTRIBUTION, ETC. (IMPRINT)
Place of publication N.P
Name of publisher Wiley India Pvt. Ltd.
Date of publication 2022
300 ## - COLLATION
Pagination 845p.
650 ## - TRACINGS
Main Subject Nuclear Physics
942 ## - ADDED ENTRY ELEMENTS (KOHA)
Item type Books
050 ## - LIBRARY OF CONGRESS CALL NUMBER
Classification number QC777
Item number .K73
Holdings
Source of classification or shelving scheme Not for loan Permanent location Current location Date acquired Accession No. Full call number Barcode. Koha item type
Library of Congress Classification   Samuel Ogbemudia Main Library, University of Abuja Samuel Ogbemudia Main Library, University of Abuja 07/09/2025 2024/62320 QC777.K73 2025-2937 Books